000 00476nam a2200145Ia 4500
008 230917s9999||||xx |||||||||||||| ||und||
040 _e164318
_aMAIN
041 _aEnglish
082 _a891.43301731 SR23S
100 _aशर्मा, शजेरा
245 0 _aसच्चे प्रसंग, सच्ची कहानियाँ
260 _aदिल्ली
_bसाहित्यकार प्रकाशन
_c1980
300 _a54 p.
942 _cHN
999 _c213070
_d213070